[Event "FICGS rapid C 000094 email"]
[Site "FICGS email"]
[Date "2010.10.26"]
[Round "1"]
[White "Mariat, Benoit"]
[Black "Piantadosi, Angelo"]
[Result "1-0"]
[WhiteElo "1547"]
[BlackElo "1552"]
[PlyCount "41"]
[EventDate "2010.??.??"]
[EventType "tourn (rapid)"]
[EventRounds "6"]
[SourceTitle "Corr 2013"]
[Source "ChessBase"]
[SourceDate "2012.11.12"]
[SourceVersion "1"]
[SourceVersionDate "2012.11.12"]
[SourceQuality "1"]

1. c4 e5 2. Nc3 Nf6 3. g3 d6 4. Bg2 c6 5. e3 Be6 6. b3 Be7 7. Nge2 0-0 8. 0-0 Nbd7 9. Bb2 d5 10. cxd5 cxd5 11. d4 e4 12. Nf4 b6 13. Nxe6 fxe6 14. Rc1 Rc8 15. Ne2 e5 16. dxe5 Nxe5 17. Bxe5 Ng4 18. Rxc8 Qxc8 19. Qxd5+ Kh8 20. Qxe4 Nf6 21. Qb7 1-0

[Event "FICGS rapid C 000077 email"]
[Site "FICGS email"]
[Date "2009.08.30"]
[Round "1"]
[White "Mariat, Benoit"]
[Black "Price, Eric A Sr"]
[Result "0-1"]
[WhiteElo "1500"]
[BlackElo "1615"]
[PlyCount "40"]
[EventDate "2009.??.??"]
[EventType "tourn (rapid)"]
[EventRounds "4"]
[SourceTitle "Corr 2022"]
[Source "ChessBase"]
[SourceDate "2021.10.24"]
[SourceVersion "1"]
[SourceVersionDate "2021.10.24"]
[SourceQuality "1"]

1. c4 Nf6 2. g3 e5 3. Bg2 Nc6 4. a3 a5 5. Nc3 Bc5 6. e3 0-0 7. Nge2 Re8 8. 0-0 e4 9. b3 Nb8 10. Bb2 c6 11. d4 Bf8 12. d5 Qe7 13. Qd4 Na6 14. Nxe4 Nxe4 15. Bxe4 Qxe4 16. Qc3 d6 17. Nf4 Nc5 18. Rae1 Bg4 19. h3 Bf3 20. Kh2 Re5 0-1